000
00195nam a22000857a 4500
999
_c
16285
_d
16285
003
OSt
008
200721b ||||| |||| 00| 0 eng d
245
_a
Preservation of fruits / vegetables
942
_c
BK